Effect of Personality Traits (BFI-10) and Gender on Self-Perceived Innovativeness
Výskum podľa dánskeho predchodcu, či pohlavie a osobnosť ovplyvňuje vlastné vnímanie vynaliezavosti. Použitý model BFI-10 (Big Five Inventory-10).
Saved in:
| Main Author: | |
|---|---|
| Other Authors: | |
| Format: | Book Chapter |
| Language: | English |
| Subjects: | |
| Tags: |
No Tags, Be the first to tag this record!
|
MARC
| LEADER | 00000naa$a2200000$$$4500 | ||
|---|---|---|---|
| 001 | 0241864 | ||
| 005 | 20240502073933.8 | ||
| 041 | 0 | |a eng | |
| 044 | |a SK | ||
| 245 | 1 | 0 | |a Effect of Personality Traits (BFI-10) and Gender on Self-Perceived Innovativeness |c Cecília Olexová, František Sudzina |
| 520 | |a Výskum podľa dánskeho predchodcu, či pohlavie a osobnosť ovplyvňuje vlastné vnímanie vynaliezavosti. Použitý model BFI-10 (Big Five Inventory-10). | ||
| 610 | 2 | 0 | |a inovácia |
| 610 | 2 | 0 | |a osobnosť |
| 610 | 2 | 0 | |a vzťahy genderové |
| 610 | 2 | 0 | |a testovanie hypotéz |
| 610 | 2 | 0 | |a diferenciácia rodová |
| 100 | 1 | |a Olexová, Cecília, 1976- | |
| 700 | 1 | |a Sudzina, František | |